000 03213cam a22007334i 4500
003 PE-LiUPU
005 20250731180147.0
008 140702s2009 sp a gr 001 0 spa d
020 _a8478290974
020 _a9788478290970
035 _a(Sirsi) i9788478290970
035 _a(Sirsi) 52180
035 _a(Sirsi) 52180
040 _aPE-LiUPU
_bspa
_cPE-LiUPU
_erda
041 _aspa
_heng
082 0 4 _a576
_bB8 2009
245 1 0 _aBrock :
_bBiología de los microorganismos /
_cMichael T. Madigan [y otros tres] ; traducción Coral Barrachina [y otros ocho].
250 _a12a edición.
264 1 _aMadrid :
_bPearson Educación,
_c2009.
300 _axxxiii, 1259 páginas :
_bilustraciones ;
_c27 centímetros
336 _atext
_btxt
_2rdacontent
337 _aunmediated
_bn
_2rdamedia
338 _avolume
_bnc
_2rdacarrier
500 _aÍndice analítico.
505 0 _aPrincipios de microbiología -- Biología molecular de los microorganismos -- La diversidad microbiana -- Diversidad metabólica y ecología microbiana -- Microbiología aplicada -- Agentes antimicrobianos y patogenicidad -- Inmunología -- Diag
526 _aSEG44
526 _aSEG26
526 _aP159
526 _aP155
526 _aP154
526 _aP153
526 _aP150
526 _aP100
526 _aP31
526 _aP30
526 _aP26
526 _aP25
526 _aP24
526 _aP22
526 _aP15
526 _aP10
534 _pTítulo Original :
_tBrock biology of microorganisms.
650 1 4 _aMicroorganismos.
650 1 4 _aMicrobiología molecular.
650 1 4 _aEcología microbiana.
700 1 _aMadigan, Michael T.,
_editor.
700 1 _aBarrachina, Coral,
_etraductor.
910 _agl
_b
_clch
_d20131226
910 _cbd
910 _apeb
942 _2ddc
_cBOOK
949 _a579 B84 2009
_i65000
_lCCODEBUL1
_mBUL
_tLIBRO
_o.STAFF. Colección General
949 _a579 B84 2009
_i69642
_lCCODEBUL1
_mBUL
_tLIBRO
_o.STAFF. Colección General
949 _a579 B84 2009
_i70213
_lCCODEBUL1
_mBUL
_tLIBRO
_o.STAFF. Colección General
949 _a579 B84 2009
_i70369
_lCCODEBUL1
_mBUL
_tLIBRO
_o.STAFF. Colección General
596 _a1
999 _a576 B8 2009
_wDEWEY
_c53696
_i65000
_d53696
_e2022-6-7
_f2021-11-5
_g7
_lCCODEBUL1
_mBUL
_n5
_p165.00
_q2
_r0
_sN
_tBOOK
_u2015-7-6
_xBIBLIOTECA
_PP24
_0COMPRA
_o.STAFF. Colección General
999 _a576 B8 2009
_wDEWEY
_c2
_i69642
_d2018-8-27
_e2017-4-30
_f2021-11-5
_g7
_lCCODEBUL1
_mBUL
_n26
_p152.00
_q1
_r0
_sN
_tBOOK
_u2015-7-31
_xBIBLIOTECA
_PP30
_0COMPRA
_o.STAFF. Colección Ingenieria y Arquitectura
999 _a576 B8 2009
_wDEWEY
_c3
_i70213
_d2018-9-3
_e2018-8-27
_f2021-11-5
_g7
_lCCODEBUL1
_mBUL
_n15
_p71.00
_r0
_sN
_tBOOK
_u2015-7-31
_xBIBLIOTECA
_PP24
_0COMPRA
_o.STAFF. Colección General
999 _a576 B8 2009
_wDEWEY
_c4
_i70369
_d2019-4-15
_e2018-4-27
_f2021-11-5
_g7
_lCCODEBUL1
_mBUL
_n14
_p130.00
_q3
_r0
_sN
_tBOOK
_u2015-7-31
_xBIBLIOTECA
_PP30
_0COMPRA
_o.STAFF. Colección General
980 _81
_gALBERTO SANCHEZ Responsable de Automatización